| 000 | 00810cam a22002294a 4500 | ||
|---|---|---|---|
| 020 | _a0333420918 (cloth) | ||
| 020 | _a0333420926 (paper) | ||
| 040 | _cDLC | ||
| 082 | 0 | 0 | _a303 PAL 2004 C163 Or. |
| 100 | 1 | _aLukes, Steven. | |
| 245 | 1 | 0 |
_aPower : _ba radical view / |
| 250 | _a2nd ed. | ||
| 260 |
_aHoundmills, Basingstoke, Hampshire : _aNew York : _bPalgrave Macmillan, _c2004. |
||
| 300 |
_aviii, 192 p. : _c23 cm. |
||
| 500 | _a"Published in association with the British Sociological Association." | ||
| 650 | 0 | _aPower (Social sciences) | |
| 650 | 0 | _aPolitical science | |
| 856 | 4 | 2 | _uhttp://www.loc.gov/catdir/bios/hol059/2004057346.html |
| 856 | 4 | 2 | _uhttp://www.loc.gov/catdir/description/hol054/2004057346.html |
| 856 | 4 | 1 | _uhttp://www.loc.gov/catdir/toc/hol052/2004057346.html |
| 942 | _cAEDBB | ||
| 999 |
_c19182 _d19182 |
||